000 00517nam a2200193Ia 4500
005 20250326145439.0
008 250326s9999 xx 000 0 und d
037 _aTextbook
040 _aFMSL
_beng
_cFMSL
041 _aeng
_2eng
084 _qFMSL
100 _aAnderson A Au.
_9751173
245 0 _aStatistics for big data for Dummies
_cAnderson A Au.; Semmelroth D
260 _aNew Delhi
_bNew Delhi, Wiley
_c2016
365 _b499
650 _aManagement
942 _cTB
999 _c1307606
_d1307606